000 00654nam a2200181 i 4500
001 85729
003 ES-MaACL
005 20230906175309.0
007 t|
008 041201s1982 sp ||||1| spa d
100 0 _aJuan Pablo
_bII
_cPapa, Santo.
_9162513
245 1 0 _aJuan Pablo II en España
_b: discursos y homilías /
_cpresentacion e introducciones de Jose Luis Gonzalez-Balado ; [reportaje fotografico de Miguel Rojo].
260 _a[Madrid] :
_bEdiciones Paulinas,
_c[1982]
300 _a323 p., 12 lám. ;
_c21 cm.
700 1 _aGonzález-Balado, José Luis.
_958441
700 1 _aRojo, Miguel.
_999100
852 _aES-MaACL
_jL-3690
_bR.104515
999 _c85729
_d85729